Hydrographic survey equipment 1983 catalogue (Record no. 88357)

MARC details
000 -LEADER
fixed length control field 00521cam a2200193 4500
001 - CONTROL NUMBER
control field D15500
008 - FIXED-LENGTH DATA ELEMENTS--GENERAL INFORMATION
fixed length control field 090401t xxu||||| |||| 00| 0 eng d
035 ## - SYSTEM CONTROL NUMBER
System control number (Sirsi) u23227
041 ## - LANGUAGE CODE
Language code of text/sound track or separate title eng
050 ## - LIBRARY OF CONGRESS CALL NUMBER
Classification number 526.99028
110 ## - MAIN ENTRY--CORPORATE NAME
Corporate name or jurisdiction name as entry element Royal Institution of Chartered Surveyors
9 (RLIN) 4900
245 ## - TITLE STATEMENT
Title Hydrographic survey equipment 1983 catalogue
260 ## - PUBLICATION, DISTRIBUTION, ETC.
Place of publication, distribution, etc. London
Name of publisher, distributor, etc. Surveyors Publications/ FIG
300 ## - PHYSICAL DESCRIPTION
Extent 263p. 30cm
350 ## - PRICE (NR) (BK AM CF MU VM SE) [OBSOLETE]
Price 5
710 ## - ADDED ENTRY--CORPORATE NAME
Corporate name or jurisdiction name as entry element Federation International Des Geometres
942 ## - ADDED ENTRY ELEMENTS (KOHA)
Suppress in OPAC 0
948 ## - LOCAL PROCESSING INFORMATION (OCLC); SERIES PART DESIGNATOR (RLIN)
c (OCLC) 04/03/1997
Holdings
Withdrawn status Lost status Source of classification or shelving scheme Damaged status Not for loan Home library Current library Shelving location Date acquired Cost, normal purchase price Total Checkouts Full call number Barcode Date last seen Copy number Cost, replacement price Price effective from Koha item type
    Other/Generic Classification Scheme     London London Basement 14/09/1999 5.00   RESERVE SHELVES 30008289 06/08/2019 1 5.00 06/08/2019 Book